000
00296nam a2200109Ia 4500
008
230907s9999||||xx |||||||||||||| ||und||
082
_a
305.26
_b
RES
245
0
_a
Researching social gerontology /
260
_a
SAGE,
_b
Los Angeles, Calif. ; | London :
_c
2013
300
_a
4 volumes ;
942
_c
BK
999
_c
600161
_d
600161